| 000 | 01273cam a2200421 a 4500 | ||
|---|---|---|---|
| 001 | 40434 | ||
| 005 | 20230410105118.0 | ||
| 008 | 950516s1995 qucac b 000 0bfre d | ||
| 035 | _a(OCoLC)ocm32743828 | ||
| 040 |
_aCaQMBN _bfre _cNLC _dOCL |
||
| 016 | _a959408886 | ||
| 020 | _a2894281056 | ||
| 020 | _a9782894281055 | ||
| 029 | 0 |
_aNLC _b959408886 |
|
| 035 | _a(OCoLC)32743828 | ||
| 043 | _anwht--- | ||
| 055 | 0 | 0 |
_a110 BX 4705 _bR763D 1995 |
| 082 | 0 | 0 | _a282/.092 |
| 050 | 1 | 4 | _aCEH |
| 100 | 1 |
_aDejean, Paul, _d1931- |
|
| 245 | 1 | 0 |
_aWilly Romelus : _bl'eveque-courage / _cPaul Dejean. |
| 246 | 3 | 0 | _aEveque-courage |
| 260 |
_a[LaSalle, Quebec] : _bHurtubise HMH, _c1995. |
||
| 300 |
_a152 p. : _bill., portr. ; _c23 cm. |
||
| 504 | _aComprend des ref. bibliogr. | ||
| 600 | 1 | 6 |
_aRomelus, Willy, _d1931- |
| 600 | 1 | 0 |
_aRomelus, Willy, _d1931- |
| 651 | 0 |
_aHaiti _xSocial conditions _y1971- |
|
| 650 | 0 |
_aCatholic Church _zHaiti _xBishops _vBiography. |
|
| 650 | 0 |
_aBishops _zHaiti _vBiography. |
|
| 650 | 4 | _aCEH | |
| 650 | 4 | _aColección Estudios Haitianos | |
| 651 | 6 |
_aHaiti _xConditions sociales _y1971- |
|
| 650 | 6 |
_aEglise catholique _zHaiti _xEveques _xBiographies. |
|
| 650 | 6 |
_aEveques _zHaiti _xBiographies. |
|
| 942 |
_2lcc _cbk |
||
| 994 |
_aC0 _bDRFGD |
||
| 999 |
_c30299 _d30299 |
||